Przystanki linii autobusowej 112 Warszawa - Statystyki

Ogólne statystyki
  • Ten quiz został rozwiązany 27 razy
  • Średni wynik to 22 z 34
Statystyki odpowiedzi
Ulica NŻ? 1-kierunkowy? Odpowiedź % Poprawnych
brak Nie Nie CH Marki
87%
brak Nie Tak CH Marki
87%
Łabiszynska, Kondratowicza Nie Nie Metro Bródno
78%
Kondratowicza, Bazyliańska Nie Nie Metro Bródno
78%
Św. Wincentego Tak Tak Metro Kondratowicza
78%
Kondratowicza Nie Nie Metro Kondratowicza
78%
Toruńska Tak Nie PKP Toruńska
78%
Głębocka Nie Nie CH Targówek
74%
Głębocka Nie Nie CH Targówek
74%
Żeromskiego Nie Nie Metro Słodowiec
74%
Al. Armii Krajowej Nie Nie Os. Potok
74%
Kondratowicza, Chodecka Nie Nie Szpital Bródnowski
74%
Toruńska Nie Nie Żerań FSO
74%
Al. Reymonta Nie Nie Al. Reymonta
70%
Bazyliańska, Wysockiego Nie Nie Bazyliańska
70%
Żeromskiego Nie Nie Bielany-Ratusz
70%
Powstańców Śląskich Nie Nie Nowe Bemowo
70%
Al. Reymonta, Powstańców Śląskich Tak Nie Ogrody Działkowe Bemowo
70%
Al. Armii Krajowej Nie Tak Park Kaskada
65%
Powstańców Śląskich Nie Nie Piastów Śląskich
65%
Al. Reymonta Nie Nie Conrada
61%
Toruńska Nie Nie Geodezyjna
61%
Chodecka, Łojewska Nie Nie Łojewska
61%
Toruńska Tak Tak Głebocka
57%
Głębocka, Św. Wincentego Tak Nie Malborska
57%
Żeromskiego, Al. Reymonta Nie Nie Andersena
52%
brak Tak Tak Pelcowizna
52%
Żeromskiego Nie Nie Perzyńskiego
52%
Łabiszyńska Nie Nie Suwalska
52%
Bazyliańska Tak Nie Św. Hieronima
52%
Łojewska Nie Nie Klub Lira
48%
Żeromskiego Nie Tak Przybyszewskiego
48%
Al. Bohaterów Bitwy Warszawskiej 1920 Tak Tak Wiejska
48%
Al. Piłsudskiego Nie Tak Wolności
43%
Nie znaleziono quizów pasujących do podanych kryteriów
Rozkład punktacji
Procent ludzi z każdym wynikiem
Percentyl według liczby udzielonych odpowiedzi
Twoja historia wyników
Nie rozwiązałeś tego quizu